[Event "Rhein Main op 08th"]
[Site "Bad Homburg"]
[Date "2005.05.28"]
[Round "6"]
[White "Michelmann, Roland"]
[Black "Goesswein, Dorothee"]
[Result "0-1"]
[WhiteElo "1581"]
[BlackElo "1279"]
[PlyCount "62"]
[EventDate "2005.05.25"]
[EventType "swiss"]
[EventRounds "7"]
[EventCountry "GER"]
[SourceTitle "EXT 2006"]
[Source "ChessBase"]
[SourceDate "2005.11.24"]
[SourceVersion "1"]
[SourceVersionDate "2005.11.24"]
[SourceQuality "1"]

1. e4 c5 2. Nf3 Nc6 3. d4 cxd4 4. Nxd4 e5 5. Nb5 d6 6. Bc4 Be7 7. Be3 a6 8. N5c3 b5 9. Bb3 Nf6 10. f3 0-0 11. Nd2 Be6 12. 0-0 d5 13. exd5 Nxd5 14. Nxd5 Bxd5 15. c4 Be6 16. cxb5 axb5 17. Bxe6 fxe6 18. Qb3 Qd5 19. Rfd1 Nd4 20. Qxd5 exd5 21. Bxd4 exd4 22. Nb3 Rfd8 23. a3 Ra4 24. Rxd4 Rc4 25. Rad1 Rc2 26. Rxd5 Rxd5 27. Rxd5 Rxb2 28. Rxb5 Bxa3 29. Rb8+ Kf7 30. Rb7+ Ke6 31. Nc5+ Bxc5+ 0-1

[Event "Rhein Main op 08th"]
[Site "Bad Homburg"]
[Date "2005.05.26"]
[Round "3"]
[White "Kilb, Benjamin"]
[Black "Michelmann, Roland"]
[Result "0-1"]
[WhiteElo "1234"]
[BlackElo "1581"]
[PlyCount "74"]
[EventDate "2005.05.25"]
[EventType "swiss"]
[EventRounds "7"]
[EventCountry "GER"]
[SourceTitle "EXT 2006"]
[Source "ChessBase"]
[SourceDate "2005.11.24"]
[SourceVersion "1"]
[SourceVersionDate "2005.11.24"]
[SourceQuality "1"]

1. e4 e6 2. Nf3 d5 3. exd5 exd5 4. d4 Nf6 5. Nc3 Bb4 6. Bd2 0-0 7. Be2 Nc6 8. 0-0 Bg4 9. a3 Ba5 10. h3 Bxf3 11. Bxf3 Nxd4 12. Bg5 Nxf3+ 13. Qxf3 c6 14. Bxf6 Qxf6 15. Qxf6 gxf6 16. Ne2 Rfe8 17. Ng3 Re6 18. b4 Bc7 19. Nf5 Rae8 20. Rac1 Bf4 21. Rb1 b5 22. g3 Bc7 23. Nd4 Rd6 24. Rfe1 Re4 25. c3 Bb6 26. Rxe4 dxe4 27. Rc1 a6 28. Kg2 Kf8 29. f4 c5 30. Nf5 Rd2+ 31. Kf1 c4 32. Re1 Rf2+ 33. Kg1 Rxf4+ 34. Ne3 Rf3 35. Kg2 Bxe3 36. g4 Bg5 37. Rxe4 Rxc3 0-1

[Event "Rhein Main op 08th"]
[Site "Bad Homburg"]
[Date "2005.05.26"]
[Round "2"]
[White "Michelmann, Roland"]
[Black "Reinert, Stephane"]
[Result "0-1"]
[WhiteElo "1581"]
[BlackElo "2104"]
[PlyCount "64"]
[EventDate "2005.05.25"]
[EventType "swiss"]
[EventRounds "7"]
[EventCountry "GER"]
[SourceTitle "EXT 2006"]
[Source "ChessBase"]
[SourceDate "2005.11.24"]
[SourceVersion "1"]
[SourceVersionDate "2005.11.24"]
[SourceQuality "1"]

1. e4 d5 2. exd5 Qxd5 3. Nc3 Qd6 4. Nf3 Nf6 5. d4 a6 6. Bc4 b5 7. Be2 Bb7 8. 0-0 Nbd7 9. Re1 e6 10. Bg5 Be7 11. Bh4 0-0 12. Bf1 Rfd8 13. Bg3 Qb6 14. a4 b4 15. a5 Qa7 16. Na4 Rac8 17. c3 c5 18. Qb3 bxc3 19. bxc3 Bxf3 20. gxf3 cxd4 21. cxd4 Nd5 22. Bc4 N7f6 23. Nb6 Rc6 24. Rab1 Bb4 25. Nxd5 exd5 26. Qxb4 dxc4 27. Re7 Qxd4 28. Qb7 Qd5 29. Rxf7 Nd7 30. Re7 c3 31. Rc1 c2 32. Bf4 Rg6+ 0-1